000 01874nam a2200265 i 4500
005 20220808113058.0
006 m|||||o||d||||||||
007 cr |||||||||||
008 210120s2021 paua ob 0|1 0 eng|d
020 _q9789389859324
082 0 0 _a610.7 POL 2021
100 1 _aPolit, Denise F.,
_eauthor.
245 1 0 _aNursing research :
_bgenerating and assessing evidence for nursing practice /
_cDenise F. Polit, Cheryl Tatano Beck.
246 3 0 _aGenerating and assessing evidence for nursing practice.
250 _aEleventh edition.
264 1 _aPhiladelphia :
_bWolters Kluwer,
_c2021.
300 _axviii, 839 p :
_c23 cm.
500 _aPrevious edition: 2017.
504 _aIncludes bibliographical references and index.
520 _a"Research methodology is a dynamic enterprise. Even after writing 10 editions of this book, we have continued to draw new material and inspiration from ground-breaking advances in research methods and in nurse researchers' use of those methods. It is thrilling to share many of those developments in this new edition. We expect that many of the new methodologic and technological enhancements will be translated into powerful evidence for nursing practice. Four years ago, we considered the 10th edition as a watershed edition of a classic textbook, having added two new chapters. We are persuaded, however, that this 11th edition is even better than the previous one. We have retained many features that made this book a classic textbook and resource, including its focus on research as a support for evidence-based nursing, but have introduced important innovations that we hope will help to shape the future of nursing research."--
_cProvided by publisher.
650 0 _aNursing
_xResearch
_xMethodology.
700 1 _aBeck, Cheryl Tatano,
_eauthor.
776 0 8 _iPrint version :
_z9781975110642.
942 _2ddc
_cMAIN
999 _c9073
_d9074